[Event "Dulles Skyline op 3rd"]
[Site "Dulles"]
[Date "2024.10.13"]
[Round "7"]
[White "Murugan Ayyappan, Adhiraiyan"]
[Black "Fitzsimmons, Daniela"]
[Result "1-0"]
[WhiteElo "1829"]
[BlackElo "1659"]
[PlyCount "121"]
[EventDate "2024.10.10"]
[EventType "swiss"]
[EventRounds "9"]
[EventCountry "USA"]
[SourceTitle "CB43_2024"]
[Source "Chessbase"]
[SourceDate "2024.10.23"]
[SourceVersion "1"]
[SourceVersionDate "2024.10.23"]
[SourceQuality "1"]

1. d4 d5 2. c4 e6 3. Nf3 Nf6 4. g3 c5 5. e3 Nc6 6. Nc3 cxd4 7. exd4 dxc4 8. Bxc4 Be7 9. 0-0 0-0 10. Re1 b6 11. Be3 Bb7 12. Ne5 Rc8 13. Bb5 Nd5 14. Nxc6 Bxc6 15. Bxc6 Rxc6 16. Qa4 Nxe3 17. fxe3 Qd7 18. Nb5 a5 19. Na7 Rc7 20. Qxd7 Rxd7 21. Nc6 Bf6 22. Rac1 Rc7 23. Rc3 Rfc8 24. Rec1 Kf8 25. a4 Ke8 26. Na7 Rxc3 27. Rxc3 Rxc3 28. bxc3 Kd7 29. e4 Bg5 30. Kf2 h5 31. Nb5 g6 32. Ke2 f5 33. e5 Be7 34. c4 Kc6 35. h4 g5 36. hxg5 Bxg5 37. Nd6 h4 38. gxh4 Bxh4 39. Kf3 Be7 40. Ne8 Bf8 41. Nf6 Be7 42. Kf4 Bd8 43. Kg5 Be7 44. d5+ Kc5 45. dxe6 Kxc4 46. Kxf5 b5 47. axb5 Kxb5 48. Nd5 Bd8 49. e7 Bxe7 50. Nxe7 a4 51. Nd5 a3 52. e6 Kc6 53. Nc3 Kd6 54. Kf6 a2 55. Nxa2 Kc6 56. e7 Kb5 57. e8Q+ Kc5 58. Ke5 Kb6 59. Qc8 Ka5 60. Qb7 Ka4 61. Qb4# 1-0